LEADER 01260nam a2200313 u 4500 001 000000078992 003 CaOOAMICUS 005 20131029102952.0 008 040520s2002 it u000 u ita u 020 $a8813235585 035 $a10996099 040 $aPUL$bita 041 0 $aita$heng 100 1 $aSwinburne, Richard.$0(OLS)http://pul/name/39530 240 10$aIs there a God?.$lItaliano.$0(OLS)http://pul/title/103393 245 10$aEsiste un Dio? /$cRichard Swinburne ; traduzione dall'inglese di Giulio Riccioni. 260 $aPadova :$bCEDAM,$c2001. 300 $a126 p. ;$c24 cm 490 1 $aBiblioteca dell'Archivio di filosofia ;$v27 500 $aContiene indice. 650 4$aDio$xEsistenza.$0(OLS)http://pul/subject/5003 700 1 $aRiccioni, Giulio.$0(OLS)http://pul/name/52643 830 0$aBiblioteca dell'Archivio di filosofia ;$v27.$0(OLS)http://pul/title/78406 850 $aPUL 852 $aPUL$W1$xSL Religione 1$y3$m64 H 48$j101188$nBK-PRI$b $qStampati$B101188$CPULBib$Z2$F101188 $HPUL91054 $81 941 1 $a8 996 $6020$a8813235585$9(OLS)http://pul/number/103630 996 $6245$aEsiste un Dio?$9(OLS)http://pul/title/103394 996 $6260$aPadova :$bCEDAM$9(OLS)http://pul/publisher/48126 LEADER 01276nam a2200325 a 4500 001 000000166298 003 CaOOAMICUS 005 20180301104912.0 008 180301s2018 it u000 u ita r 020 $a978-88-14-22425-6* 032 $aLibriCat 040 $aPUL$bita 082 04$a345.07 100 1 $aForza, Antonio.$0(OLS)http://pul/name/107231 245 13$aLa psicologia nel processo penale /$cAntonio Forza. 250 $a2. ed. 260 $aMilano :$bGiuffrè,$c©2018. 300 $aXXXV, 514 p. ;$c24 cm. 490 1 $aTeoria e pratica maior. Penale e processo 504 $aBibliografia in nota. 650 4$aPsicologia forense.$0(OLS)http://pul/subject/45365 830 0$aTeoria e pratica maior.$pPenale e processo.$0(OLS)http://pul/title/186958 850 $aPUL 852 $aPUL$W1$xSL Diritto e Scienze Sociali 3$y79$m345. 07 FORAN 1$j190834$qDDC 21$B193721$CPULBib$Z2$F193721 $H130622 $81 941 1 $a9 996 $6020$a978-88-14-22425-6*$9(OLS)http://pul/number/163628 996 $6082$a345.07$9(OLS)http://pul/classification/2700 996 $6245$aLa psicologia nel processo penale$9(OLS)http://pul/title/206018 996 $6260$aMilano :$bGiuffrè$9(OLS)http://pul/publisher/48401